000 00619cam a2200241 4500
008 020109n2001 000 0 eng u
020 _a086017557X
035 _a(Sirsi) u116200
050 _a624.1
100 _aBarry, D.
245 _aRemedial engineering for closed landfill sites
260 _aLondon
_bCIRIA
_c2001
300 _a266p. ; 30cm.
350 _a50.00
490 _aCIRIA Publication
_vC557
650 _aENGINEERING
650 _aLANDFILL SITES
650 _aBUILT ENVIRONMENT
650 _aCONTAMINATED LAND
690 _aBUILT ENVIRONMENT
700 _aSummersgill, I.
942 _n0
999 _c101829
_d101829